| 000 | 00940nam a22003017a 4500 | ||
|---|---|---|---|
| 003 | CHAP | ||
| 005 | 20220329133505.0 | ||
| 008 | 971013s1986 r 00010 d | ||
| 010 | _a7000 | ||
| 011 | _a7972 | ||
| 035 | _a7197 | ||
| 040 | _cCHAP | ||
| 090 | _aFolleto 10285 (1986) v.3 | ||
| 110 |
_aInternational Board for Plant Genetic Resources _959561 |
||
| 245 | _aReport of a working group on avena (2o.), 1986 | ||
| 260 |
_aRome : _bThe Board, _c1986 |
||
| 300 | _a25 p | ||
| 590 |
_aBATCH-UPD _b10 _c20130110 _lUCH01 _h1903 |
||
| 590 |
_aBATCH-UPD _b10 _c20130410 _lUCH01 _h1231 |
||
| 590 |
_aBATCH-UPD _b10 _c20130914 _lUCH01 _h0432 |
||
| 590 |
_aCONVERSION _b10 _c20130109 _lUCH01 _h1305 |
||
| 650 | 1 | 4 |
_aAvena _xGermoplasma. _98524 |
| 650 | 1 | 4 |
_aAvena _xSistemas de información. _98544 |
| 650 | 1 | 4 |
_aRecursos genéticos. _995078 |
| 901 | _aBK | ||
| 942 | _cFOLL | ||
| 949 |
_aFolleto 10285 (1986) v.3 _bBC _cFOLL _d-17011 _eTS1 _i7197 _si |
||
| 999 |
_c7000 _d7000 |
||